| 000 | 00764nam a2200229 a 4500 | ||
|---|---|---|---|
| 001 | 0215 | ||
| 005 | 20140414131847.0 | ||
| 008 | 040819s19uu xx 00 eng d | ||
| 020 | _a0-689-81525-5 | ||
| 050 |
_aM 398.2 _bB81 1997 |
||
| 100 | _aBrown, Marcia | ||
| 245 |
_aDick Whittington and his cat / _ctold and cut by linoleum by Marcia Brown. |
||
| 260 |
_aNew York : _bAladdin Paperbacks, _c1997. |
||
| 300 | _a1 v.p. : ill. ; cm. | ||
| 520 | _aA retelling of the legend about a boy who became mayor London, who heard his future in the Bells of Bow and made his fortune through his cat. | ||
| 650 |
_aWhittington, Richard _x1423. |
||
| 650 |
_aFolklore _xGreat Britain. |
||
| 999 |
_c109996 _d109996 |
||